• 首页
  • 本馆介绍
  • 公告通知
  • 最新文献
  • 馆藏检索
  • 电子资源
  • 读者导购
  • 参考咨询
  • 我的图书馆
  • 登录
  • 详细信息显示
  • 放入我的书架
  • 预约/预借图书
  • 作者相关作品
  • 分类相关作品
  • 丛书相关作品
  • 出版社相关作品

书目信息

  • 表格格式
  • 工作单格式
  • 卡片格式
题名:
新时代大中小幼责任教育案例
    
 
作者: 魏进平 主编
分册: 第一辑  
出版信息: 天津   天津社会科学院出版社  2021.09
页数: 18,270页
开本: 26cm
丛书名:
单 册:
中图分类: G41
科图分类:
主题词: 学校教育--德育--研究
电子资源:
ISBN: 978-7-5563-0774-6
000 01091nam0 2200241 450
001 012001002462
005 20221207140736.15
010    @a978-7-5563-0774-6@dCNY68.00
100    @a20220905d2021 em y0chiy50 ea
101 0  @achi
102    @aCN@b120000
105    @aa z 000yy
106    @ar
200 1  @a新时代大中小幼责任教育案例@Axin shi dai da zhong xiao you ze ren jiao yu an li@h第一辑@f魏进平主编
210    @a天津@c天津社会科学院出版社@d2021.09
215    @a18,270页@c图,照片@d26cm
300    @a国家社科基金项目“习近平总书记责任思想与当代大学生社会责任担当研究”阶段成果
330    @a本书分为高校篇、中学篇、小学篇和附录四部分,收录了《“冀青妈”:“互联网+思想引领”——高校思想政治教育工作载体的新探索》《“大学生吃苦奉献精神培养与责任担当”实践教学案例》《嵌入式教育——职普融通背景下责任教育在职业启蒙中的有效尝试》《筑牢责任意识,培养大国工匠》《增强小学生社会责任教育“6-6-6”实践模式研究》等文章。
606 0  @a学校教育@x德育@x研究
690    @aG41@v5
701  0 @a魏进平@Awei jin ping@4主编
801  0 @aCN@bAHXH@c20221111
905    @b1368170-4@dG41@e104:1@f5
    
    新时代大中小幼责任教育案例.第一辑/魏进平主编.-天津:天津社会科学院出版社,2021.09
    18,270页:图,照片;26cm
    国家社科基金项目“习近平总书记责任思想与当代大学生社会责任担当研究”阶段成果
    
    ISBN 978-7-5563-0774-6:CNY68.00
    本书分为高校篇、中学篇、小学篇和附录四部分,收录了《“冀青妈”:“互联网+思想引领”——高校思想政治教育工作载体的新探索》《“大学生吃苦奉献精神培养与责任担当”实践教学案例》《嵌入式教育——职普融通背景下责任教育在职业启蒙中的有效尝试》《筑牢责任意识,培养大国工匠》《增强小学生社会责任教育“6-6-6”实践模式研究》等文章。
●
相关链接 在E读中查询图书 在五车中查询图书 在当当中查询图书 在豆瓣中查询图书


正题名:新时代大中小幼责任教育案例     索取号:G41/104:1         预约/预借

序号 登录号 条形码 馆藏地/架位号 状态 备注
1 1368170   213681700   第一样本阅览室/ [索取号:G41/104:1] 在馆    
2 1368171   213681719   教育系资料室/ [索取号:G41/104:1] 在馆    
3 1368172   213681728   教育系资料室/ [索取号:G41/104:1] 在馆    
4 1368173   213681737   第四借阅区/ [索取号:G41/104:1] 在馆    
5 1368174   213681746   第四借阅区/ [索取号:G41/104:1] 在馆    
唐山师范学院图书馆 欢迎您!
大连网信软件有限公司© 版权所有